LEADER 01707nam 2200409Ia 450 001 996393019303316 005 20221108105127.0 035 $a(CKB)3360000000358832 035 $a(EEBO)2248499681 035 $a(OCoLC)14583470 035 $a(EXLCZ)993360000000358832 100 $a19861031d1697 uy | 101 0 $aeng 135 $aurbn||||a|bb| 200 10$aArticles of peace between the most serene and mighty prince William the Third, King of Great Britain, and the most serene and mighty Prince Lewis the Fourteenth, the most Christian King, concluded in the royal palace at Ryswicke the 10/20 day of September, 1697$b[electronic resource] 210 $a[S.l. $cs.n.$d1697?] 215 $a12 p 300 $aCaption title. 300 $aImperfect: pages stained and with print show-through. 300 $aThis item appears at reels 950:49 and 1081:12. 300 $aReproduction of original in the Huntington Library. 330 $aeebo-0113 606 $aRyswick, Peace of, 1697 607 $aGreat Britain$xHistory$yWilliam and Mary, 1689-1702 615 0$aRyswick, Peace of, 1697. 701 $aWilliam$cKing of England,$f1650-1702.$01000870 701 $aLouis$cKing of France,$f1638-1715.$0793380 712 02$aEngland and Wales.$f1697 Sept. 20. 801 0$bEAG 801 1$bEAG 801 2$bm/c 801 2$bUMI 801 2$bWaOLN 906 $aBOOK 912 $a996393019303316 996 $aArticles of peace between the most serene and mighty prince William the Third, King of Great Britain, and the most serene and mighty Prince Lewis the Fourteenth, the most Christian King, concluded in the royal palace at Ryswicke the 10$92345004 997 $aUNISA